| 000 | 00458nam a2200205Ia 4500 | ||
|---|---|---|---|
| 005 | 20250425162644.0 | ||
| 008 | 250425s9999 xx 000 0 und d | ||
| 020 | _a0122108450 | ||
| 041 | _aeng | ||
| 082 | _a639.543 | ||
| 245 | 0 | _aTROPICAL MARICULTURE | |
| 250 | _aS.E | ||
| 260 |
_aEstados Unidos _bACADEMIC PRESS _c1998 |
||
| 260 | _aNEW YORK | ||
| 300 | _a407 | ||
| 650 | _aCRUSTACEOS | ||
| 650 | _aMOLUSCOS | ||
| 942 | _c01 | ||
| 010 | _a94651 | ||
| 999 |
_c233734 _d233734 |
||